Payment in construction (Record no. 108921)

MARC details
000 -LEADER
fixed length control field 01866cam a22003015a 4500
001 - CONTROL NUMBER
control field L145785
008 - FIXED-LENGTH DATA ELEMENTS--GENERAL INFORMATION
fixed length control field 081107s2008 xxka f v 001 0 eng d
020 ## - INTERNATIONAL STANDARD BOOK NUMBER
International Standard Book Number 9781842194065
035 ## - SYSTEM CONTROL NUMBER
System control number (Sirsi) u145785
041 0# - LANGUAGE CODE
Language code of text/sound track or separate title eng
050 04 - LIBRARY OF CONGRESS CALL NUMBER
Classification number 692.8 $1 8
100 1# - MAIN ENTRY--PERSONAL NAME
Personal name Hughes, Simon
245 00 - TITLE STATEMENT
Title Payment in construction
Remainder of title a practical guide
260 ## - PUBLICATION, DISTRIBUTION, ETC.
Place of publication, distribution, etc. London
-- ICS $2 008
300 ## - PHYSICAL DESCRIPTION
Extent xii, 208 p.
Other physical details ill. $2 4cm.
350 ## - PRICE (NR) (BK AM CF MU VM SE) [OBSOLETE]
Price 45.00
505 ## - FORMATTED CONTENTS NOTE
Formatted contents note Table of cases -- Introduction -- Basic payment principles -- Types of contract -- The right to interim payments -- Payment notices -- Measurement and valuation in the JCT contract -- Measurement and valuation in the NEC contract -- Payment witholding and the right to suspend under HGCRA 1996 -- Contractor's remedies -- Appendices -- Index
520 ## - SUMMARY, ETC.
Summary, etc. Discusses the principles of payment in construction. This very practical guide helps professionals to know their rights, obligations in payment matters. Provides advice to solve payment problems, in cases where the party considers that it has been underpaid, or not paid at all. Contains sections of "frequently asked questions", diagrams and case summaries throughout the book. Includes in the appendices: Appendix 1 - HGCRA 1996, sections 104-107 and 109-113; Appendix 2 - Scheme for construction Contracts (England and Wales) Regulations 1998; Appendix 3 - Scheme for Construction Contracts (Scotland) Regulations 1998; Appendix 4 - Scheme for Construction Contracts in Northern Ireland Regulations (Northern Ireland) 1999.
521 ## - TARGET AUDIENCE NOTE
Target audience note Advanced
590 ## - LOCAL NOTE (RLIN)
Local note KA
650 24 - SUBJECT ADDED ENTRY--TOPICAL TERM
Topical term or geographic name entry element HOUSING GRANTS, CONSTRUCTION AND REGENERATION ACT 1996
651 #4 - SUBJECT ADDED ENTRY--GEOGRAPHIC NAME
Geographic name United Kingdom
Chronological subdivision
690 ## - LOCAL SUBJECT ADDED ENTRY--TOPICAL TERM (OCLC, RLIN)
Topical term or geographic name as entry element BUILT ENVIRONMENT-CONSTRUCTION MANAGEMENT-BUILDING CONTRACT ADMINISTRATION
700 1# - ADDED ENTRY--PERSONAL NAME
Personal name Mills, Richard
700 1# - ADDED ENTRY--PERSONAL NAME
Personal name O'Brien, Peter
942 ## - ADDED ENTRY ELEMENTS (KOHA)
Suppress in OPAC 0
Holdings
Withdrawn status Lost status Source of classification or shelving scheme Damaged status Not for loan Home library Current library Shelving location Date acquired Total Checkouts Full call number Barcode Date last seen Copy number Price effective from Koha item type Date last checked out
    Dewey Decimal Classification     London London Books 07/11/2008   692.8 HUG 30076234 06/08/2019 2 06/08/2019 Reference material  
    Dewey Decimal Classification     London London Books 07/11/2008 13 692.8 HUG 30076233 06/08/2019 3 06/08/2019 Book 21/01/2010
    Dewey Decimal Classification     London London RICS Boxes 19/11/2008   RICS 2008/54 30076236 06/08/2019 1 06/08/2019 Archive